[Event "Klubbmesterskapet 2016 (B)"]
[Site "Ås, Akershus NOR"]
[Date "2016.01.14"]
[Round "1"]
[White "Bø, Martin"]
[Black "Simonsen, Steinar"]
[Result "1-0"]
[WhiteElo "1118"]
[BlackElo "1240"]
[Annotator "Martin Bø"]
[PlyCount "88"]
[EventDate "2016.01.14"]

1. d4 d5 2. c4 Nf6 3. cxd5 Nxd5 4. e4 {Marshall forsvaret blir ikke spilt av
stormestre lengre, og gir somregel hvit en solid fordel} Nb6 5. Nf3 Nc6 6. Nc3
Bg4 7. Be3 (7. d5 $1 Nb8 (7... Ne5 $2 8. Nxe5 $1 Bxd1 9. Bb5+ Nd7 10. Bxd7+
Qxd7 11. Nxd7 Kxd7 12. Kxd1) 8. h3 Bxf3 9. Qxf3 N8d7 $18) 7... e6 8. Be2 Be7 9.
h3 Bh5 10. O-O O-O 11. Rc1 Bxf3 12. Bxf3 Nc4 13. e5 Bg5 $4 {Taper direkte.
Sxe3 er mest naturlig, og gir svart en helt grei stilling. Vil nok fortsatt
foretrekke hvit mtp romfordel, sentrumskontroll og I tillegg til at sorts
sortfeltsløper blir dominert av bøndene på e5 d4 og e3} (13... Nxe3 14. fxe3
Bg5 15. Re1 Ne7 16. Ne4 Bh6 17. Nc5 Nd5 $14) 14. Bxg5 Qxg5 15. Ne4 $1 Nxb2 16.
Nxg5 Nxd1 17. Rfxd1 h6 18. Bxc6 bxc6 19. Nf3 Rab8 20. Rxc6 Rb7 21. Rdc1 Rc8 22.
a4 Kh7 23. a5 Rb2 24. Rxc7 Rcb8 25. Rxa7 Ra2 26. Rcc7 Kg6 27. Rxf7 Rbb2 {Er nå
tvunget matt. Brukte mye tid i partiet på å lete etter en matt, men fant aldri
noe} 28. Rxg7+ Kf5 (28... Kh5 29. g4#) 29. Raf7+ (29. Rg4 $1 {Truer nå Sh4# og
Tf7# som ikke kan stoppes} Ra1+ 30. Kh2 Rbb1) 29... Ke4 30. a6 Rxa6 (30... Rxf2
$2 31. Ng5+ Ke3 32. Rxf2 Rxf2 33. Nxe6) 31. Ra7 Rab6 32. Rg4+ Kd3 33. Ra3+ Kc4
34. d5+ Kxd5 35. Rd4+ Kc5 36. Ra5+ Kc6 37. Rd6+ Kb7 38. Rxb6+ Kxb6 39. Ra8 Kc6
40. Rd8 Rb1+ 41. Kh2 Rb2 42. Nd4+ Kc5 43. Nxe6+ Kc6 44. f4 Rf2 1-0

[Event "Klubbmesterskapet 2016 (B)"]
[Site "Ås, Akershus NOR"]
[Date "2016.01.14"]
[Round "1"]
[White "Heien, Aksel"]
[Black "Garmark, Vegard"]
[Result "0-1"]
[WhiteElo "924"]
[BlackElo "1202"]
[PlyCount "82"]
[EventDate "2016.01.14"]

1. e4 c5 2. Nf3 d6 3. d4 cxd4 4. Nxd4 Nf6 5. Nc3 a6 6. Be2 g6 7. O-O Bg7 8. Be3
O-O 9. Qd2 Nc6 10. Nxc6 bxc6 11. Bh6 Rb8 12. Rab1 Qc7 13. Bxg7 Kxg7 14. Rfd1
Bb7 15. b4 Rfd8 16. Bd3 d5 17. exd5 cxd5 18. Qc1 Qxc3 19. Rb3 Qc6 20. f3 e5 21.
Re1 e4 22. fxe4 dxe4 23. Be2 Nd5 24. c4 Nf6 25. Rc3 Rbc8 26. h3 Rd4 27. Qc2
Rcd8 28. b5 axb5 29. cxb5 Qb6 30. Kh1 Nd5 31. Rb3 Nf4 32. Bf1 Rd2 33. Qb1 Qf2
34. a3 Nxg2 35. Re2 Rxe2 36. Bxe2 Qxe2 37. Qb2+ Qxb2 38. Rxb2 e3 39. Kg1 Rd2
40. Rb1 e2 41. Kf2 Rd1 0-1

[Event "Klubbmesterskapet 2016 (B)"]
[Site "Ås, Akershus NOR"]
[Date "2016.01.14"]
[Round "1"]
[White "Thowsen, Alf Geir"]
[Black "Johnsen, Henrik Evjen"]
[Result "1-0"]
[WhiteElo "1175"]
[BlackElo "516"]
[PlyCount "87"]
[EventDate "2016.01.14"]

1. d4 e6 2. c4 d5 3. Nc3 dxc4 4. e3 Bb4 5. Bxc4 Bxc3+ 6. bxc3 Nf6 7. Ba3 Nd5 8.
Qc2 Nc6 9. Nf3 Bd7 10. O-O Nb6 11. Bd3 h6 12. Rab1 Na5 13. Bb5 Bxb5 14. Rxb5
Nbc4 15. Bc1 c6 16. Rb1 O-O 17. Nd2 Qc7 18. e4 f5 19. e5 c5 20. Nf3 Rfc8 21.
Qd3 Rd8 22. Be3 Na3 23. Rbc1 Qb6 24. Rfd1 N3c4 25. Qe2 Nb2 26. Rd2 Nac4 27.
Rdc2 Qb5 28. Rb1 Na3 29. Qxb5 Nxb5 30. Rcxb2 Na3 31. Rc1 b6 32. Nd2 a6 33. Rb3
Nb5 34. a4 Nc7 35. g3 b5 36. dxc5 bxa4 37. Ra3 Nd5 38. Bd4 f4 39. Rxa4 Kh7 40.
Nc4 Rdb8 41. Kg2 Rb5 42. Nd6 Rbb8 43. Rca1 Nc7 44. gxf4 1-0

[Event "Klubbmesterskapet 2016 (B)"]
[Site "Ås, Akershus NOR"]
[Date "2016.01.14"]
[Round "1"]
[White "Bakken, Svein-Erik"]
[Black "Rønbeck, Bjørn"]
[Result "1/2-1/2"]
[WhiteElo "1346"]
[BlackElo "1115"]
[PlyCount "86"]
[EventDate "2016.01.14"]

1. d4 d5 2. c4 e6 3. Nc3 b6 4. cxd5 exd5 5. Nf3 Ba6 6. a3 Bb7 7. Bg5 Be7 8. Bf4
a6 9. e3 Nf6 10. h3 O-O 11. Bd3 c5 12. dxc5 bxc5 13. b3 Re8 14. O-O Bd6 15.
Bxd6 Qxd6 16. Be2 Nc6 17. Qc2 h6 18. Rfd1 Ne7 19. e4 Qc7 20. exd5 Nexd5 21.
Nxd5 Bxd5 22. Ne1 Bxb3 23. Qxb3 Rxe2 24. Qc4 Rae8 25. Qxa6 R8e6 26. Qc4 Nh5 27.
Nf3 R6e4 28. Qd5 Nf4 29. Qd8+ Qxd8 30. Rxd8+ Kh7 31. Rc1 Ra4 32. Rc3 Ra2 33.
Kh2 Ne6 34. Rd7 R4xa3 35. Rxa3 Rxa3 36. Rxf7 c4 37. Re7 Nc5 38. Rc7 Ra5 39. Nd4
c3 40. f3 Kg6 41. Rc6+ Kf7 42. Rc7+ Kg6 43. Rc6+ Kf7 1/2-1/2

[Event "Klubbmesterskapet 2016 (B)"]
[Site "Ås, Akershus NOR"]
[Date "2016.01.20"]
[Round "1"]
[White "Petersen, Rune J"]
[Black "Sandvik, Sander"]
[Result "0-1"]
[WhiteElo "860"]
[BlackElo "1074"]
[Annotator "Sandvik, Sander"]
[PlyCount "95"]
[EventDate "2016.01.14"]

1. d4 Nf6 2. Nf3 e6 3. Nc3 c5 {Kanskje ikke helt standard, men det er moro å
prøve! Følte jeg kanskje burde kjørt d5 her, synes ikke springeren på c3 er
helt optimalt plassert for hvit.} 4. e3 cxd4 5. exd4 d5 {Liker
bondeformasjonen min her - pent med to sentrumsbønder.} 6. Bg5 Be7 7. Bb5+ Bd7
8. Bxf6 Bxf6 9. Bxd7+ Nxd7 10. O-O O-O 11. Re1 Qb6 12. b3 Rac8 13. Ne2 Qc6 14.
Rc1 e5 {Var veldig usikker på om tidspunktet var rett for et brudd. Her
forsvinner også den lille fordelen til sort.} (14... Qa6) 15. dxe5 Nxe5 16. Ng3
Nxf3+ 17. Qxf3 Bg5 {Dette var planen min hele veien, men den var ikke veldig
mye verdt i praksis. Pen løper, men ikke så ekstremt mye mer. Har måttet
betale med en isolert bonde også.} 18. Ra1 d4 {Lite fornuftig - gir springeren
plass på e4.} 19. Ne4 Bf6 (19... Be7 {For å redde bondestrukturen.}) 20. Nxf6+
Qxf6 21. Qxf6 gxf6 {Lite fornøyd med bondestrukturen nå. Fire bondeøyer,
isolerte dobbeltbønder osv.} 22. Re2 Rfe8 23. Rae1 Rxe2 24. Rxe2 d3 25. Re1 d2
{Hadde meget lite tid - spilte her på inkrement, men det er da ingen
unnskyldning! Feilberegnet rett og slett at kongen kunne komme hvit til
unnsetning.} (25... dxc2 26. g3 (26. Rc1 Rd8 27. Kf1 Rd1+ 28. Rxd1 (28. Ke2
Rxc1 29. Kd2 Ra1 30. Kxc2 Rxa2+) 28... cxd1=Q#) 26... c1=Q 27. Rxc1 Rxc1+ 28.
Kg2) 26. Rd1 Rxc2 27. Kf1 Rxa2 28. Ke2 Kf8 29. Rxd2 Rxd2+ 30. Kxd2 Ke7 31. Kd3
Kd6 32. Ke4 {Dette må vel nesten kunne beskrives som tapstrekket.} (32. Kc4 Kc6
33. b4) 32... Kc5 33. Kf5 Kb4 34. Kxf6 Kxb3 35. f4 a5 36. f5 a4 37. Kxf7 a3 38.
f6 a2 39. Kg8 a1=Q 40. f7 Qa8+ 41. f8=Q Qxf8+ 42. Kxf8 b5 43. g4 b4 44. g5 Kc3
45. Kg7 b3 46. Kxh7 b2 47. g6 b1=Q 48. Kh8 0-1

[Event "Klubbmesterskapet 2016 (A)"]
[Site "Ås, Akershus NOR"]
[Date "2016.01.21"]
[Round "2"]
[White "Lea, Per"]
[Black "Ruud, Kjetil"]
[Result "1/2-1/2"]
[WhiteElo "1543"]
[BlackElo "1392"]
[Annotator "Lea, Per"]
[PlyCount "124"]
[EventDate "2016.01.14"]

1. e4 Nc6 2. d4 e5 3. d5 Nce7 4. Nf3 Ng6 5. c4 Bb4+ 6. Bd2 Bxd2+ 7. Qxd2 d6 8.
Nc3 N8e7 9. O-O-O f5 10. h4 h6 11. h5 Nf8 12. Nh4 f4 13. g3 g5 14. hxg6 Nexg6
15. Nf5 Qf6 16. Nb5 Kd8 17. Bh3 a6 18. Nc3 Ne7 19. gxf4 Nfg6 20. fxe5 (20. Nxe7
Nxe7 21. fxe5 dxe5 22. c5) 20... Nxe5 21. Qd4 (21. c5 Nxf5 22. exf5 Bxf5 23.
Qf4 Rf8 24. Bxf5 Qxf5 25. Qxf5 Rxf5 26. Rxh6 Nf7 27. Rg6 Ke7 28. Re1+ $16)
21... Nxf5 22. exf5 Bxf5 23. f4 Bxh3 24. Rxh3 Ng4 25. Qxf6+ Nxf6 26. Rdh1 h5
27. Kd2 Kd7 28. Rh4 Rag8 29. Kd3 Rg3+ 30. Kd4 c5+ 31. dxc6+ bxc6 32. c5 Re8 33.
cxd6 Kxd6 34. R4h3 $2 (34. Kc4) 34... Rg4 35. Rh4 Rg3 36. R4h3 Rg2 37. R3h2 Rg4
38. Rh4 Rg2 39. R4h2 Reg8 40. Ne4+ Nxe4 41. Kxe4 Ke6 42. Rxg2 Rxg2 43. Rxh5
Re2+ 44. Kf3 Rxb2 45. Ra5 Rb6 46. a4 Kd6 47. Kg4 $2 (47. Rg5) 47... c5 $1 $17
48. f5 Rc6 49. Kf4 $4 c4 $4 (49... Kc7 50. Ke5 Kb6 $19) 50. Ke4 c3 51. Rd5+ Ke7
52. Rd1 Kf6 53. Rc1 Rc4+ 54. Kd3 Rxa4 55. Rf1 Ra3 56. Kc2 a5 57. Rf3 Ra2+ 58.
Kc1 a4 59. Rxc3 Kxf5 60. Kb1 Re2 61. Rc4 a3 62. Ra4 a2+ 1/2-1/2

[Event "Klubbmesterskapet 2016 (A)"]
[Site "Ås, Akershus NOR"]
[Date "2016.01.21"]
[Round "2"]
[White "Lund, Petter"]
[Black "Kielland-Lund, Jon"]
[Result "1-0"]
[WhiteElo "1565"]
[BlackElo "1550"]
[PlyCount "89"]
[EventDate "2016.01.14"]

1. e4 c6 2. Nc3 d5 3. exd5 cxd5 4. d4 Nf6 5. Nf3 Bg4 6. Be2 e6 7. h3 Bxf3 8.
Bxf3 Nc6 9. O-O Be7 10. Re1 Qb6 11. Ne2 O-O 12. c3 Rac8 13. Ng3 Na5 14. Nf5 Bd8
15. Ne3 Qd6 16. Ng4 Nxg4 17. Bxg4 Nc4 18. Be2 a6 19. b3 Na3 20. b4 Nc4 21. a4
b6 22. b5 Qb8 23. Bd3 a5 24. Qg4 Bf6 25. Qh5 g6 26. Qg4 Qb7 27. f4 Qd7 28. Ra2
Nd6 29. Rc2 Rc7 30. h4 Rfc8 31. h5 Kg7 32. h6+ Kf8 33. Ba3 Rxc3 34. Bxd6+ Qxd6
35. Ree2 Rxc2 36. Bxc2 Bxd4+ 37. Kh1 f5 38. Qh4 Kf7 39. Qe1 Qxf4 40. g3 Qxh6+
41. Kg2 e5 42. Qb1 Qg5 43. Bb3 Qd8 44. Qa2 Rc5 45. Qd2 {Svart tapte på tid.}
1-0

[Event "Klubbmesterskapet 2016 (A)"]
[Site "Ås, Akershus NOR"]
[Date "2016.01.21"]
[Round "2"]
[White "Olsen, Trygve"]
[Black "Fuglseth, Jan"]
[Result "1-0"]
[WhiteElo "1291"]
[BlackElo "1477"]
[Annotator "Fuglseth, Jan"]
[PlyCount "72"]
[EventDate "2016.01.14"]

1. f4 g6 2. Nf3 Bg7 3. d4 Nf6 4. e3 d6 5. Bd3 e6 {Dette er passivt, men tanken
var å unngå f4. Fritz griner litt på nesa. Sort har en plan om å støte med c5.
Løperen på g7 er velplassert i forhold tildette.} 6. b4 b6 {Lb7 kan
understøtte e4 feltet} 7. c3 Nbd7 8. Nbd2 O-O 9. O-O Nd5 10. Ne4 f5 11. Neg5
N7f6 12. Qb3 h6 13. e4 fxe4 14. Nxe4 Rb8 15. c4 Ne7 16. d5 $4 {Det ser
fristende ut med muligheten for noen avdekkere eller noe sånt, men} Nxe4 17.
Bxe4 $4 {Trygve må være "shaken and stirred"} Bxa1 18. Qb1 Bg7 19. Nh4 Qe8 (
19... Nxd5 20. Nxg6 Nc3 21. Qd3 Rf7) 20. Nxg6 exd5 21. cxd5 (21. Nxf8 dxe4 22.
Qxe4 Qxf8) 21... Nxg6 22. Bxg6 Qe2 {Ld4+ lurer} 23. Qd3 Qxd3 24. Bxd3 Bf5 25.
Bc4 Rbe8 26. a3 Re7 27. h3 Rfe8 28. Bd2 Bd4+ 29. Kh2 {Kampen er over! Jan gir
herfra en solid leksjon i at man skal spille til fløyta går. Trygve
demonstrerer "Staying Power" og spiller så lenge klokka tikker! Fritz sier -6,
59!} Be3 30. Bc3 Kh7 $2 (30... Re4 31. Bd3 Rxf4) 31. Rf3 Rg8 32. g4 Bd7 $4 {
Taper partiet! Fritz snur fra -3,5 til + 3,3} (32... Bc2) 33. Bd3+ {[%emt 19:
22:29]} Rg6 34. f5 Be8 35. f6 Bg5 36. fxe7 Bxe7  1-0

[Event "Klubbmesterskapet 2016 (A)"]
[Site "Ås, Akershus NOR"]
[Date "2016.02.18"]
[Round "2"]
[White "Andersen, Odd"]
[Black "Johnson, David"]
[Result "1-0"]
[WhiteElo "1611"]
[BlackElo "1431"]
[PlyCount "75"]
[EventDate "2016.01.14"]

1. d4 d5 2. c4 Nf6 3. Nf3 e6 4. a3 c5 5. e3 Nbd7 6. Nc3 b6 7. cxd5 Nxd5 8. Nxd5
exd5 9. dxc5 Nxc5 10. b4 Qf6 11. Nd4 Ne4 12. Bb5+ Ke7 13. O-O Nc3 14. Qd3 Nxb5
15. Qxb5 Bd7 16. Qxd5 Rc8 17. Bb2 Ke8 18. Rac1 Rd8 19. Ba1 Qg6 20. b5 h5 21.
Qe5+ Be6 22. Nxe6 fxe6 23. a4 h4 24. h3 Rh5 25. Qc7 Rd7 26. Qc8+ Ke7 27. Bb2
Rg5 28. Ba3+ Kf6 29. Qxf8+ Rf7 30. Qd8+ Kf5 31. e4+ Kf4 32. Qd2+ Kxe4 33. Rfe1+
Kf5 34. Qd3+ Kf6 35. Qxg6+ Rxg6 36. Rc6 Kg5 (36... Kf5 37. Rec1 Rgf6 38. Rc7 g5
39. Rxf7 Rxf7 40. Rc6) 37. Rec1 Rgf6 38. Rc7 1-0

[Event "Klubbmesterskapet 2016 (B)"]
[Site "Ås, Akershus NOR"]
[Date "2016.01.21"]
[Round "2"]
[White "Aalmo, Alexander"]
[Black "Bø, Martin"]
[Result "0-1"]
[WhiteElo "1209"]
[BlackElo "1118"]
[Annotator "Martin Bø"]
[PlyCount "70"]
[EventDate "2016.01.14"]

1. d4 d5 2. Nf3 Nf6 3. Bg5 Ne4 4. Bf4 c5 5. a3 {Veldig skeptisk til dette
trekket. Bidrar ikke til å utvikle offiserer, ta kontroll over sentrum eller
få kongen i sikkerhet. e3, c3 og c4 ser naturlig ut for hvit} Nc6 6. Nc3 cxd4
7. Nxe4 $2 {Bedre er} (7. Nxd4 Nxc3 8. bxc3 f6 9. Nxc6 bxc6 10. c4 e5 11. Bd2
dxc4 12. e3 Be6 {Hvit står en bonde under, men ingenting er avgjort enda}) 7...
dxe4 8. Nxd4 $4 Qxd4 9. c3 Qxd1+ 10. Rxd1 e5 11. Bg3 Bg4 12. f3 exf3 13. exf3
Be6 14. Bb5 f6 15. Bf2 {Planen nå er å bytte av alle offiserene og ofrer
gjerne en bonde for å få det til} a6 16. Ba4 b5 17. Bc2 Be7 18. Be4 Rc8 19. O-O
Bb3 {Dekker d1 og lar ikke hvit ta full kontroll på d linja} 20. Rd2 O-O 21.
Bb6 Bd8 22. Bc5 Re8 23. Bf5 Be6 24. Be4 Na5 $1 {Skaper mye problemer. Dekker
b7 foreløpig og kan i noen varianter gå til c4 og b3} 25. Bf2 Bb3 26. Rd6 Nc4
$5 {Gir foreløpig bort en bonde, men er med på å aktivere de sorte brikkene og
skaper nå litt trusler mot hvit} 27. Bd5+ Kf8 28. Rxa6 Nd2 $6 {Stockfish er
ikke veldig fornøyd med det forrige trekket, men tvinger frem noen bytter og
paralyserer hvit sin majoritet på dronningfløyen} 29. Bxb3 Nxb3 30. Rd1 e4 {
Ikke blant toppvalgene til stockfish, men er fort gjort å gjøre feil her for
hvit} 31. Rad6 e3 32. Be1 $4 (32. Bxe3 Bc7 33. R6d3 Rxe3 34. Rxe3 Bb6 35. Kf2
Re8 36. Rdd3 Na5 37. Ke2 Bxe3 38. Rxe3 Nc4 39. Rxe8+ Kxe8 40. b3 Nxa3 {Eneste
varianten som holder litt liv i hvit, men er ikke noe man vil spille frivilig
ettersom det bare gir et solid overtak til sort og man kan spille på to (et og
et halvt) resultat}) 32... Be7 {Stillingen er nå så vunnet for sort at
stockfish vil gi bort kvalitet i nesten alle varianter} 33. R6d5 e2 34. Rb1 (
34. R1d3 Bc5+ 35. Kh1 (35. Bf2 e1=Q#) 35... Bf2 36. Bxf2 e1=Q+ 37. Bg1) 34...
Bc5+ 35. Kh1 (35. Bf2 e1=Q+ 36. Rxe1 Rxe1#) 35... Rcd8 0-1

[Event "Klubbmesterskapet 2016 (B)"]
[Site "Ås, Akershus NOR"]
[Date "2016.01.21"]
[Round "2"]
[White "Garmark, Vegard"]
[Black "Sandvik, Sander"]
[Result "0-1"]
[WhiteElo "1202"]
[BlackElo "1074"]
[Annotator "Sandvik, Sander"]
[PlyCount "98"]
[EventDate "2016.01.14"]

1. e4 e5 2. f4 Bc5 {Aksepterte ikke i dag, gitt!} 3. Nf3 d6 4. d4 {Vanligere i
denne posisjonen er:} (4. c3) 4... exd4 5. Nxd4 Nf6 6. Nc3 Bg4 {Bedre, og mye
vanligere, er:} (6... O-O 7. Be3 Re8) 7. Be2 Bxe2 8. Ndxe2 Qe7 9. Ng3 g6 {
Tenkte lenge før jeg spilte dette. Likte godt hvordan springeren til hvit var
en smule utestengt i denne posisjonen.} 10. Qe2 Nc6 11. Be3 Nd4 12. Bxd4 Bxd4
13. Qd3 Bb6 {Enda litt bedre er:} (13... Bxc3+ 14. Qxc3 O-O {Med press på e5.
Vurderte faktisk å spille dette, men et par sekunder senere gikk det opp for
meg hvorfor det ville være en heidundrandes dårlig idé.} (14... Nxe4 15. Qxh8+
Kd7 16. Qxa8 Nxg3+)) 14. O-O-O O-O-O {Liker posisjonen min godt her, pen løper,
gode muligheter.} 15. Na4 Bc5 {Her snur situasjonen litt. Jeg ville ikke åpne
opp rundt kongen, men burde heller spilt til f2} (15... Bf2) 16. Nxc5 dxc5 17.
Qf3 Qe6 18. b3 Qa6 {Tenkte på noe slikt som dette:} (18... h5 19. Rxd8+ Rxd8
20. e5 h4 21. Ne2 Nd7 {Men jeg klarte ikke å se en fortsettelse jeg likte, på
tross av at posisjonen her er betydelig mye bedre enn slik ting utviklet seg i
partiet de neste trekkene.}) 19. Kb1 c4 {Her følte jeg at ting snudde litt,
følte meg plutselig ikke like komfortabel, fant heller ikke en solid plan jeg
kunne spille på.} 20. e5 Nd7 21. Ne4 cxb3 22. cxb3 Qb6 (22... Qe6) 23. Rd5 {
Jeg likte dette trekket fra hvit, følte at jeg fikk muligheten til å løsne
litt opp i posisjonen min. Potensielt veldig farlig posisjon for svart.} (23.
Ng5 Rde8 24. Rhe1 Nc5 25. Nxf7) 23... Nb8 24. Rhd1 Rxd5 25. Rxd5 Rd8 26. Rxd8+
Kxd8 27. Qd3+ Kc8 28. Qh3+ Kd8 {Nå spiller jeg vel hovedsakelig på
30-sekunders inkrement, takk og lov for det!} 29. Nf6 Qg1+ {Veldig glad for at
jeg hadde dette trekket! Ting begynte å bli litt sammenklemt.} 30. Kb2 Qf2+ 31.
Ka3 Qc5+ {Hadde såpass dårlig tid, at jeg ikke spilte:} (31... Qxf4 32. Qd3+
Kc8 33. Qh3+ Kd8 34. Qd3+ Kc8 35. Qh3+ Kd8 {3-fold repetition}) 32. Kb2 Qf2+
33. Ka3 Qc5+ 34. b4 Qc1+ 35. Kb3 Qb1+ 36. Kc4 (36. Kc3 {For å opprettholde
remis-stilling}) 36... Qxa2+ {Nå begynner det å likne på noe! Og med alle
sjakkene har jeg fått litt tid på klokken også.} 37. Kc5 Qc2+ {Gikk ikke for
denne muligheten:} (37... Qf2+ 38. Kc4 (38. Kd5 Qxf4) 38... Qxf4+ 39. Kb3 Qxe5
40. Qd3+ Ke7) 38. Kd4 Nc6+ 39. Kd5 Qd2+ {I øyeblikkets stress og hete, så jeg
ikke muligheten:} (39... Ne7+ 40. Kd4 Nf5+ 41. Qxf5 (41. Kd5 c6#) 41... Qxf5)
40. Ke4 Qd4+ {Det kunne nok vært bedre å spille:} (40... Nxb4 {Men jeg ønsket
å få av dronningene, og simplifisere.}) 41. Kf3 Qd3+ 42. Kg4 Qxh3+ 43. Kxh3
Nxb4 44. g4 {En mulighet er å spille:} (44. Nxh7 a5 45. Ng5 a4 46. Ne4 a3 47.
Nc3 Nd5 48. Nxd5 a2 {Bonden går inn uansett.}) 44... a5 45. Ne4 a4 46. Nd2 a3
47. Kg3 {Hvit kan prøve seg på blokkering, men det holder ikke i lengden.} (47.
Nb3 Nd3 48. Na1 b5) 47... Nc2 48. Kf3 a2 49. Nb3 Nd4+ {Alt i alt, et veldig
interessant parti, med muligheter for begge sider. Den nye tidskontrollen er
også noe jeg definitivt kan like!} 0-1

[Event "Klubbmesterskapet 2016 (B)"]
[Site "Ås, Akershus NOR"]
[Date "2016.01.21"]
[Round "2"]
[White "Simonsen, Steinar"]
[Black "Bakken, Svein-Erik"]
[Result "1/2-1/2"]
[WhiteElo "1240"]
[BlackElo "1346"]
[PlyCount "71"]
[EventDate "2016.01.14"]

1. c4 c5 2. Nc3 Nc6 3. g3 e6 4. Nf3 a6 5. d4 cxd4 6. Nxd4 Qc7 7. Bg2 Nf6 8. O-O
Be7 9. e4 O-O 10. Re1 d6 11. Nxc6 bxc6 12. b3 Bb7 13. Bb2 Rfd8 14. Qe2 Rac8 15.
e5 dxe5 16. Qxe5 Qxe5 17. Rxe5 Rd7 18. Rd1 Rcd8 19. Rxd7 Rxd7 20. h3 Rd2 21.
Re2 Rd7 22. Ne4 Nxe4 23. Bxe4 h6 24. a3 c5 25. Bxb7 Rxb7 26. Re3 Kf8 27. Kg2 f6
28. f4 Kf7 29. g4 Rd7 30. Bc3 Rb7 31. Bd2 Rd7 32. Ba5 Rd4 33. Kf3 Bd6 34. Re4
Rd3+ 35. Re3 Rd4 36. Re4 1/2-1/2

[Event "Klubbmesterskapet 2016 (B)"]
[Site "Ås, Akershus NOR"]
[Date "2016.01.21"]
[Round "2"]
[White "Rønbeck, Bjørn"]
[Black "Stensland, Martin"]
[Result "1-0"]
[WhiteElo "1115"]
[BlackElo "1146"]
[PlyCount "67"]
[EventDate "2016.01.14"]

1. e4 e5 2. Nf3 Nc6 3. Bc4 h6 4. c3 Nf6 5. O-O Be7 6. b4 a6 7. Re1 b5 8. Bb3
O-O 9. a3 d6 10. h3 a5 11. Bb2 axb4 12. cxb4 Bb7 13. Nc3 Na7 14. d4 exd4 15.
Nxd4 c6 16. Qe2 Nd7 17. Rad1 Ne5 18. f4 Ng6 19. Rf1 Kh8 20. Nf5 Nc8 21. Nxh6
gxh6 22. Nxb5+ Bf6 23. Nxd6 Nxd6 24. e5 Nf5 25. Rxd8 Raxd8 26. exf6 Ng3 27. Qe3
Nxf1 28. Kxf1 Ba6+ 29. Kg1 Rd3 30. Qc1 Rxb3 31. f5 Kh7 32. fxg6+ fxg6 33. Qxc6
Rxb2 34. Qd7+ 1-0

[Event "Klubbmesterskapet 2016 (B)"]
[Site "Ås, Akershus NOR"]
[Date "2016.01.21"]
[Round "2"]
[White "Petersen, Rune J"]
[Black "Samset, Jon"]
[Result "1-0"]
[WhiteElo "860"]
[BlackElo "1093"]
[PlyCount "77"]
[EventDate "2016.01.14"]

1. d4 g6 2. Nf3 d6 3. Nc3 Bg7 4. e3 Nf6 5. Bd2 O-O 6. Bd3 Nc6 7. O-O Bg4 8. Be2
Qd7 9. Ne1 e5 10. d5 Ne7 11. f3 Bh3 12. gxh3 Qxh3 13. e4 Nh5 14. Rf2 f5 15. Bf1
Qh4 16. Ng2 Qf6 17. Bd3 f4 18. Nb5 c5 19. Nc7 Rad8 20. Ne6 Rf7 21. c4 Bh6 22.
b4 a6 23. a4 Ra8 24. bxc5 dxc5 25. Nxc5 b6 26. Ne6 g5 27. a5 bxa5 28. Bxa5 Qg6
29. Bc7 Ng7 30. Nxg7 Qxg7 31. d6 Nc6 32. c5 g4 33. Bc4 gxf3 34. Bxf7+ Kxf7 35.
Qd5+ Kf6 36. Qxc6 Rg8 37. d7+ Kf7 38. Qd5+ Ke7 39. d8=Q+ 1-0

[Event "Klubbmesterskapet 2016 (B)"]
[Site "Ås, Akershus NOR"]
[Date "2016.01.21"]
[Round "2"]
[White "Johnsen, Henrik Evjen"]
[Black "Heien, Aksel"]
[Result "0-1"]
[WhiteElo "516"]
[BlackElo "952"]
[PlyCount "86"]
[EventDate "2016.01.14"]

1. e4 e5 2. Nf3 Nc6 3. Nc3 Nf6 4. Bc4 Bc5 5. O-O O-O 6. d3 d6 7. Nd5 h6 8. h3
Be6 9. Re1 a6 10. Be3 b5 11. Bxc5 bxc4 12. Be3 Nxd5 13. exd5 Bxd5 14. d4 Bxf3
15. Qxf3 Nxd4 16. Bxd4 exd4 17. Qd5 Re8 18. Qxc4 Rxe1+ 19. Rxe1 c5 20. Qd5 Rb8
21. Qc6 Kh7 22. b3 Qa5 23. Qe4+ g6 24. Qe7 Kg7 25. Ra1 Qc3 26. Qe1 Qxc2 27. Qb1
Qxb1+ 28. Rxb1 Re8 29. Rd1 Re2 30. a3 Ra2 31. a4 Rb2 32. Rd3 Kf6 33. f4 Ke6 34.
Kf1 Kd5 35. Ke1 Rxg2 36. Rd2 Rxd2 37. Kxd2 Ke4 38. Ke2 Kxf4 39. Kf2 f5 40. Kg2
Ke3 41. Kf1 d3 42. Ke1 d2+ 43. Kd1 f4 0-1

[Event "Klubbmesterskapet 2016 (A)"]
[Site "Ås, Akershus NOR"]
[Date "2016.01.28"]
[Round "3"]
[White "Johnson, David"]
[Black "Lea, Per"]
[Result "1-0"]
[WhiteElo "1431"]
[BlackElo "1543"]
[PlyCount "87"]
[EventDate "2016.01.14"]

1. e4 e5 2. Nf3 Nc6 3. Bc4 Nf6 4. d3 Bc5 5. c3 d6 6. Bg5 Be6 7. Bxe6 fxe6 8.
Qb3 Qd7 9. Nbd2 O-O 10. Rd1 a5 11. Qc2 d5 12. exd5 exd5 13. O-O Rae8 14. Bh4 b6
15. Rfe1 Nh5 16. Nb3 Bd6 17. Nc1 Qg4 18. Bg3 Nf4 19. Ne2 Nxg2 20. Kxg2 Qxf3+
21. Kg1 Rf6 $2 (21... Bc5 22. Rf1 Qg4 $19) 22. Qa4 $1 Bc5 23. d4 exd4 24. Nxd4
Rxe1+ 25. Rxe1 Bxd4 26. cxd4 Qg4 27. Qa3 Nxd4 28. Re8+ Kf7 29. Re7+ Kg6 30.
Qd3+ Kh6 31. Qd2+ g5 32. Qd3 Rf5 33. Rxc7 Ne2+ 34. Kf1 Nxg3+ 35. hxg3 Qe4 36.
Rc6+ Kh5 37. Qd1+ g4 38. Kg1 Qb4 39. Qc1 Rg5 40. Qc2 h6 41. Re6 d4 $4 (41...
Qc5 $16) 42. f3 (42. f4 $3) 42... Rg8 43. Qf5+ Rg5 44. fxg4# 1-0